000 00507nam a22001577a 4500
020 _qHard Cover.
082 _a200
100 _aShafi ur Rehman
245 _aMagnetic Nano Hollow Spheres for TNT Wastewater Treatment /
_cShafi ur Rehman.
260 _aIslamabad:
_bSCME - NUST,
_c2015.
300 _a56 p. :
_bill. ;
_c30cm.
650 _aMS- Material Engineering
_9129457
700 _aSupervisor: Dr. Imran Mahmood
_9129618
942 _2ddc
_cTHE
999 _c534445
_d534445